00768nam a2200217 a 450000100100000000500170001000800410002704000250006808200170009310000370011024500530014726000360020030000280023650400330026459000260029765000220032365000350034591000380038095201150041899900170053300002623620240510073816.0100910s1991 dr a r 000 0 spa d aDO-SdBNPbspacBNPHU a146.3bG633d1 aGómez Fermín, Luis B.94511910aDel ser al infinito /cLuis B. Gómez Fermín. aSanto Domingo :b[s.n.],c1991. a186 p. :bil. ;c22 cm. aBibliografía : p. 183-184. aInventariado, 2018/BT 0aFilosofía 9813 4aMaterialismo dialéctico9845 aValidado. Control de calidad. EMS 0010718PDaPDbPDcHDd2011-07-13iLF1l0o146.3 G633dp26236-10r2020-06-25w2020-06-25yLFPDZNo se presta c25728d25728